| 000 | 00402nam a2200157Ia 4500 | ||
|---|---|---|---|
| 999 |
_c10368 _d10368 |
||
| 003 | OSt | ||
| 008 | 220308s9999 xx 000 0 und d | ||
| 020 | _a9781780673141 | ||
| 082 | _a720.2840285 | ||
| 100 | _aJabi, Wassim | ||
| 245 | 0 | _aParametric design for architecture | |
| 260 | _b Laurence King Publishing; 1st edition (15 September 2013) | ||
| 365 | _cGBP | ||
| 365 | _d35 | ||
| 942 | _2ddc | ||